| 000 | 00450nam a22001457a 4500 | ||
|---|---|---|---|
| 999 |
_c108675 _d108675 |
||
| 005 | 20181030104620.0 | ||
| 008 | 181030b ||||| |||| 00| 0 eng d | ||
| 020 | _a0863774482 | ||
| 040 | _cPK-LaUMT | ||
| 082 |
_a153 _bMEN- |
||
| 245 |
_aMental models in cognitive science : _bessays in honour of Phil Johnson-Laird / _cedited by Jane Oakhill and Alan Garnham |
||
| 260 |
_aEast Sussex : _bPsychology Press, _c1996 |
||
| 300 | _a336 p. | ||
| 942 | _cBK | ||